| 000 | 00452nmm a2200157Ia 4500 | ||
|---|---|---|---|
| 008 | 251105s9999||||xx |||||||||||||||||und|| | ||
| 020 | _a9789878967349 | ||
| 041 | _aspa | ||
| 100 | _aSchwartsmann, Gilberto | ||
| 245 | 0 | _aCon mis ojos | |
| 264 |
_a[Buenos Aires, Argentina] : _bEditorial Leviatán, _c2023 |
||
| 300 | _a180 páginas | ||
| 650 | _aLatin American narrative | ||
| 856 | _uhttps://public.digitaliapublishing.com/a/133915 | ||
| 942 | _cCF | ||
| 999 |
_c97775 _d97775 |
||